000 00553nam a2200205Ia 4500
003 OSt
005 20230607164604.0
008 210423s2007 xx 000 0 und d
040 _cAL
041 _aeng
082 _a361.3
_223
_bPAYW
100 _aPAYNE (Maleotu)
_9121965
245 _aWhat is professional social work
260 _aJaipur
_bRawat Publications
_c2007
365 _b595
_cINR
650 _aSocial Problems & Services
_9121966
650 _aSocial Work
_9121967
906 _aprofessional ; social ; What ; work
942 _2ddc
_cBK
999 _c175148
_d175148